000
00215nam a2200085Ia 4500
245
0
_a
The good doctor
100
_a
Galgut, Damon Johannesburg, 2004
942
_c
BK
008
210819s9999 xx 000 0 und d
999
_c
300420
_d
300417